S&P 500 Stock Symbols #-Me Quiz Stats

 Plays Quiz not verified by Sporcle

Also try: HTML Color Names
Challenge
Share
Tweet
Embed
Score 0/300 Timer 20:00
0 Plays Today
symbol company % Correct
MMM3M Company
45.2%
ABBVAbbVie
31%
GMGeneral Motors
28.6%
GEGeneral Electric
26.2%
ABTAbbott Laboratories
23.8%
CSCOCisco Systems
19%
ACNAccenture plc
16.7%
ADBEAdobe Systems Inc
16.7%
AFLAFLAC Inc
16.7%
ARGAirgas Inc
16.7%
AMZNAmazon.com Inc
16.7%
BRK.BBerkshire Hathaway
16.7%
ADTADT Corp
14.3%
AETAetna Inc
14.3%
EBAYeBay Inc.
14.3%
GOOGGoogle Inc.
14.3%
HDHome Depot
14.3%
ACEACE Limited
11.9%
ACTActavis plc
11.9%
AKAMAkamai Technologies Inc
11.9%
AAAlcoa Inc
11.9%
AXPAmerican Express Co
11.9%
AAPLApple Inc.
11.9%
FBFacebook
11.9%
HPQHewlett-Packard
11.9%
AAgilent Technologies Inc
9.5%
APDAir Products & Chemicals Inc
9.5%
ALXNAlexion Pharmaceuticals
9.5%
ALLEAllegion
9.5%
ALLAllstate Corp
9.5%
MOAltria Group Inc
9.5%
AIGAmerican International Group, Inc.
9.5%
ADSKAutodesk Inc
9.5%
SCHWCharles Schwab
9.5%
CCitigroup Inc.
9.5%
KOThe Coca Cola Company
9.5%
JPMJPMorgan Chase & Co.
9.5%
AESAES Corp
7.1%
GASAGL Resources Inc.
7.1%
ATIAllegheny Technologies Inc
7.1%
AGNAllergan Inc
7.1%
ADSAlliance Data Systems
7.1%
ALTRAltera Corp
7.1%
TAT&T Inc
7.1%
BACBank of America Corp
7.1%
BABoeing Company
7.1%
CLColgate-Palmolive
7.1%
DALDelta Air Lines
7.1%
DTVDirecTV
7.1%
FOSLFossil, Inc.
7.1%
GDGeneral Dynamics
7.1%
GISGeneral Mills
7.1%
HOGHarley-Davidson
7.1%
JNJJohnson & Johnson
7.1%
KKellogg Co.
7.1%
MAMastercard Inc.
7.1%
AEPAmerican Electric Power
4.8%
AMGNAmgen Inc
4.8%
APAApache Corporation
4.8%
ANAutoNation Inc
4.8%
BHIBaker Hughes Inc
4.8%
BBBYBed Bath & Beyond
4.8%
BLKBlackRock
4.8%
COGCabot Oil & Gas
4.8%
CATCaterpillar Inc.
4.8%
CBSCBS Corp.
4.8%
CERNCerner
4.8%
CLFCliffs Natural Resources
4.8%
CMECME Group Inc.
4.8%
CCECoca-Cola Enterprises
4.8%
COPConocoPhillips
4.8%
CVSCVS Caremark Corp.
4.8%
DLPHDelphi Automotive
4.8%
DISCADiscovery Communications
4.8%
DOWDow Chemical
4.8%
DUKDuke Energy
4.8%
EAElectronic Arts
4.8%
EOGEOG Resources
4.8%
EXPEExpedia Inc.
4.8%
ESRXExpress Scripts
4.8%
XOMExxon Mobil Corp.
4.8%
FASTFastenal Co
4.8%
FFord Motor
4.8%
GILDGilead Sciences
4.8%
GSGoldman Sachs Group
4.8%
HUMHumana Inc.
4.8%
INTCIntel Corp.
4.8%
ICEIntercontinentalExchange Inc.
4.8%
ISRGIntuitive Surgical Inc.
4.8%
JOYJoy Global Inc.
4.8%
JNPRJuniper Networks
4.8%
KMBKimberly-Clark
4.8%
KRFTKraft Foods Group
4.8%
KRKroger Co.
4.8%
MMacy's Inc.
4.8%
MPCMarathon Petroleum
4.8%
MJNMead Johnson
4.8%
MRKMerck & Co.
4.8%
ABCAmerisourceBergen Corp
2.4%
AMEAmetek
2.4%
symbol company % Correct
APHAmphenol Corp A
2.4%
APCAnadarko Petroleum Corp
2.4%
ADIAnalog Devices, Inc.
2.4%
AONAon plc
2.4%
AMATApplied Materials Inc
2.4%
ADMArcher-Daniels-Midland Co
2.4%
ADPAutomatic Data Processing
2.4%
AZOAutoZone Inc
2.4%
AVYAvery Dennison Corp
2.4%
AVPAvon Products
2.4%
BLLBall Corp
2.4%
BKThe Bank of New York Mellon Corp.
2.4%
BBTBB&T Corporation
2.4%
BEAMBeam Inc.
2.4%
BMSBemis Company
2.4%
BIIBBIOGEN IDEC Inc.
2.4%
BWABorgWarner
2.4%
BSXBoston Scientific
2.4%
BRCMBroadcom Corporation
2.4%
BF.BBrown-Forman Corporation
2.4%
CHRWC. H. Robinson Worldwide
2.4%
CACA, Inc.
2.4%
CVCCablevision Systems Corp.
2.4%
COFCapital One Financial
2.4%
CAHCardinal Health Inc.
2.4%
KMXCarmax Inc
2.4%
CTLCenturyLink Inc
2.4%
CVXChevron Corp.
2.4%
CICIGNA Corp.
2.4%
CINFCincinnati Financial
2.4%
CTASCintas Corporation
2.4%
CTXSCitrix Systems
2.4%
CLXThe Clorox Company
2.4%
COHCoach Inc.
2.4%
CTSHCognizant Technology Solutions
2.4%
CMCSAComcast Corp.
2.4%
CMAComerica Inc.
2.4%
CSCComputer Sciences Corp.
2.4%
CNXCONSOL Energy Inc.
2.4%
GLWCorning Inc.
2.4%
COSTCostco Co.
2.4%
CSXCSX Corp.
2.4%
DHID. R. Horton
2.4%
DHRDanaher Corp.
2.4%
DNRDenbury Resources Inc.
2.4%
DVNDevon Energy Corp.
2.4%
DFSDiscover Financial Services
2.4%
DGDollar General
2.4%
DLTRDollar Tree
2.4%
DPSDr Pepper Snapple Group
2.4%
DTEDTE Energy Co.
2.4%
DNBDun & Bradstreet
2.4%
EMCEMC Corp.
2.4%
EMREmerson Electric
2.4%
EFXEquifax Inc.
2.4%
EXCExelon Corp.
2.4%
FFIVF5 Networks
2.4%
FDOFamily Dollar Stores
2.4%
FDXFedEx Corporation
2.4%
FSLRFirst Solar Inc
2.4%
FISVFiserv Inc
2.4%
FMCFMC Corporation
2.4%
FTIFMC Technologies Inc.
2.4%
BENFranklin Resources
2.4%
GRMNGarmin Ltd.
2.4%
GNWGenworth Financial Inc.
2.4%
GTGoodyear Tire & Rubber
2.4%
HALHalliburton Co.
2.4%
HRSHarris Corporation
2.4%
HASHasbro Inc.
2.4%
HESHess Corporation
2.4%
HBANHuntington Bancshares
2.4%
IRIngersoll-Rand PLC
2.4%
IPInternational Paper
2.4%
INTUIntuit Inc.
2.4%
JBLJabil Circuit
2.4%
JECJacobs Engineering Group
2.4%
KSUKansas City Southern
2.4%
KEYKeyCorp
2.4%
KLACKLA-Tencor Corp.
2.4%
KSSKohl's Corp.
2.4%
LRCXLam Research
2.4%
LMTLockheed Martin Corp.
2.4%
MATMattel Inc.
2.4%
METMetLife Inc.
2.4%
MCHPMicrochip Technology
2.4%
AEEAmeren Corp
0%
AMTAmerican Tower Corp A
0%
AMPAmeriprise Financial
0%
AIVApartment Investment & Mgmt
0%
AIZAssurant Inc
0%
AVBAvalonBay Communities, Inc.
0%
BCRBard (C.R.) Inc.
0%
BAXBaxter International Inc.
0%
BDXBecton Dickinson
0%
BBYBest Buy Co. Inc.
0%
HRBBlock H&R
0%
BXPBoston Properties
0%
BMYBristol-Myers Squibb
0%
CAMCameron International Corp.
0%
symbol company % Correct
CPBCampbell Soup
0%
CFNCarefusion
0%
CCLCarnival Corp.
0%
CBGCBRE Group
0%
CELGCelgene Corp.
0%
CNPCenterPoint Energy
0%
CFCF Industries Holdings Inc
0%
CHKChesapeake Energy
0%
CMGChipotle Mexican Grill
0%
CBChubb Corp.
0%
CMSCMS Energy
0%
CAGConAgra Foods Inc.
0%
EDConsolidated Edison
0%
STZConstellation Brands
0%
COVCovidien plc
0%
CCICrown Castle International Corp.
0%
CMICummins Inc.
0%
DRIDarden Restaurants
0%
DVADaVita Inc.
0%
DEDeere & Co.
0%
XRAYDentsply International
0%
DODiamond Offshore Drilling
0%
DDominion Resources
0%
DOVDover Corp.
0%
DDDu Pont (E.I.)
0%
ETFCE-Trade
0%
EMNEastman Chemical
0%
ETNEaton Corp.
0%
ECLEcolab Inc.
0%
EIXEdison Int'l
0%
EWEdwards Lifesciences
0%
ESVEnsco plc
0%
ETREntergy Corp.
0%
EQTEQT Corporation
0%
EQREquity Residential
0%
ELEstee Lauder Cos.
0%
EXPDExpeditors Int'l
0%
FISFidelity National Information Services
0%
FITBFifth Third Bancorp
0%
FEFirstEnergy Corp
0%
FLIRFLIR Systems
0%
FLSFlowserve Corporation
0%
FLRFluor Corp.
0%
FRXForest Laboratories
0%
FCXFreeport-McMoran Cp & Gld
0%
FTRFrontier Communications
0%
GMEGameStop Corp.
0%
GCIGannett Co.
0%
GPSGap (The)
0%
GGPGeneral Growth Properties Inc.
0%
GPCGenuine Parts
0%
GWWGrainger (W.W.) Inc.
0%
HARHarman Int'l Industries
0%
HIGHartford Financial Svc.Gp.
0%
HCPHCP Inc.
0%
HCNHealth Care REIT, Inc.
0%
HPHelmerich & Payne
0%
HONHoneywell Int'l Inc.
0%
HRLHormel Foods Corp.
0%
HSPHospira Inc.
0%
HSTHost Hotels & Resorts
0%
HCBKHudson City Bancorp
0%
ITWIllinois Tool Works
0%
TEGIntegrys Energy Group Inc.
0%
IBMInternational Bus. Machines
0%
IGTInternational Game Technology
0%
IPGInterpublic Group
0%
IFFIntl Flavors & Fragrances
0%
IVZInvesco Ltd.
0%
IRMIron Mountain Incorporated
0%
JCIJohnson Controls
0%
KIMKimco Realty
0%
KMIKinder Morgan
0%
LBL Brands Inc.
0%
LLLL-3 Communications Holdings
0%
LHLaboratory Corp. of America Holding
0%
LMLegg Mason
0%
LEGLeggett & Platt
0%
LENLennar Corp.
0%
LUKLeucadia National Corp.
0%
LLYLilly (Eli) & Co.
0%
LNCLincoln National
0%
LLTCLinear Technology Corp.
0%
LLoews Corp.
0%
LOLorillard Inc.
0%
LOWLowe's Cos.
0%
LSILSI Corporation
0%
LYBLyondellBasell
0%
MTBM&T Bank Corp.
0%
MACMacerich
0%
MROMarathon Oil Corp.
0%
MARMarriott Int'l.
0%
MMCMarsh & McLennan
0%
MASMasco Corp.
0%
MKCMcCormick & Co.
0%
MCDMcDonald's Corp.
0%
MHFIMcGraw Hill Financial
0%
MCKMcKesson Corp.
0%
MWVMeadWestvaco Corporation
0%
MDTMedtronic Inc.
0%

You're not logged in!

Compare scores with friends on all Sporcle quizzes.
OR
Log In

You Might Also Like...

Show Comments

Extras

Top Quizzes Today


Score Distribution

Your Account Isn't Verified!

In order to create a playlist on Sporcle, you need to verify the email address you used during registration. Go to your Sporcle Settings to finish the process.

Report this User

Report this user for behavior that violates our Community Guidelines.

Details: